Top 10 Piłkarzy z Największą Ilością Goli - Statystyki

Ogólne statystyki
  • Ten quiz został rozwiązany 73 razy
  • Średni wynik to 4 z 10
Statystyki odpowiedzi
Gole Piłkarz % Poprawnych
857 Cristiano Ronaldo
93%
767 Pelé
90%
823 Lionel Messi
87%
729 Ferenc Puskás
32%
720 Gerd Müller
32%
573 Zlatan Ibrahimović
30%
753 Romário
28%
621 Eusébio
16%
720 Josef Bican
12%
558 Ferenc Deàk
1%
Nie znaleziono quizów pasujących do podanych kryteriów
Rozkład punktacji
Procent ludzi z każdym wynikiem
Percentyl według liczby udzielonych odpowiedzi
Twoja historia wyników
Nie rozwiązałeś tego quizu